000 00659nam a2200241Ia 4500
003 OSt
005 20221006155244.0
006 a|||||r|||| 00| 0
007 ta
008 221006b |||||||| |||| 00| 0 eng d
024 _a41,309
037 _cSeries Articles
040 _aEASL
_cEASL
_beng
041 _2eng
_aeng
100 _aLau Sin Wen
_9668727
245 0 _aSovereignty at the Edge
_b Macau and the question of chienseness
260 _aCanberra
_bAustralian National University Australia
_c2012
300 _a187-188
_ccm.
490 _v67
650 _aChina
942 _cREF
_2CC
999 _c1109395
_d1109395